Συστημική προσέγγιση της ασφάλειας και ποιότητας των μεταφορών : ανάπτυξη της μεθοδολογίας safe : διδακτορική διατριβή
Αποθηκεύτηκε σε:
| Κύριος συγγραφέας: | |
|---|---|
| Συγγραφή απο Οργανισμό/Αρχή: | |
| Μορφή: | Thesis Βιβλίο |
| Γλώσσα: | Greek |
| Δημοσίευση: |
2004.
|
| Θέματα: | |
| Διαθέσιμο Online: | http://hdl.handle.net/11610/11052 |
| Ετικέτες: |
Προσθήκη ετικέτας
Δεν υπάρχουν, Καταχωρήστε ετικέτα πρώτοι!
|
MARC
| LEADER | 00000cam a2200000 i 4500 | ||
|---|---|---|---|
| 001 | 1/14116 | ||
| 008 | 110706s2004 gr gre d | ||
| 035 | |l 10110456 | ||
| 040 | |a GR-MY-UA |b gre |e aacr | ||
| 041 | 0 | |a gre | |
| 082 | 0 | |a 341.75665 |2 (22) | |
| 100 | 1 | |a Καταρέλος, Ελευθέριος Δ. | |
| 245 | 1 | 0 | |a Συστημική προσέγγιση της ασφάλειας και ποιότητας των μεταφορών : |b ανάπτυξη της μεθοδολογίας safe : διδακτορική διατριβή / |c Ελευθέριος Δ. Καταρέλος. |
| 260 | |c 2004. | ||
| 300 | |a xv σ., 249 σ.; |b πίν.; |c 30 εκ. | ||
| 502 | |a Διατριβή (διδακτορική) – Πανεπιστήμιο Αιγαίου, Χίος, 2004. | ||
| 504 | |a Περιλαμβάνει βιβλιογραφία | ||
| 610 | 2 | 0 | |a International Maritime Organization. |
| 650 | 0 | 0 | |a Shipping |x Safety measures. |
| 650 | 0 | 0 | |a Shipping |x Safety regulations. |
| 650 | 0 | 0 | |a Insurance, Marine. |
| 650 | 0 | 0 | |a Navigation |x Safety measures. |
| 650 | 0 | 0 | |a Dissertations, Academic |z Greece. |
| 710 | 1 | |a Πανεπιστήμιο Αιγαίου |b Σχολή Επιστημών της Διοίκησης |b Τμήμα Ναυτιλίας και Επιχειρηματικών Υπηρεσιών |b Πρόγραμμα Μεταπτυχιακών Σπουδών "Ναυτιλία, Μεταφορές και Διεθνές Εμπόριο - ΝΑ.Μ.Ε.". | |
| 852 | |a INST |b CHIOS |c DIATR |e 20110706 |h 341.75665 KAT |p 005200032398 |q 005200032398 |t PHD |y 23 | ||
| 852 | |a INST |b CHIOS |c DIATR |e 20110706 |h 341.75665 KAT |p 005200032399 |q 005200032399 |t PHD |y 23 | ||
| 856 | |u http://hdl.handle.net/11610/11052 | ||
| 901 | |a BIBL2-2011-2 | ||
| 909 | |a Χ |b 148436 | ||
| 909 | |a Χ |b 148437 | ||
| 924 | |a ΚΑΤΑΡΕΛΟΣ |b ΕΛΕΥΘΕΡΙΙΟΣ Δ. |y ΧΙΟΣ |z 2010-01 | ||
| 970 | |a ΠΑΡΟΙΚΑΚΗ |b ΒΑΣΙΛΙΚΗ |z 2011/07/06 | ||